Critical thinking, clinical reasoning, and clinical judgment : (Record no. 24683)
[ view plain ]
| 000 -LEADER | |
|---|---|
| fixed length control field | 01552cam a22003015a 4500 |
| 001 - CONTROL NUMBER | |
| control field | 18811176 |
| 005 - DATE AND TIME OF LATEST TRANSACTION | |
| control field | 20171026115135.0 |
| 008 - FIXED-LENGTH DATA ELEMENTS--GENERAL INFORMATION | |
| fixed length control field | 151007t2017 paua frb 001 0 eng d |
| 020 ## - INTERNATIONAL STANDARD BOOK NUMBER | |
| International Standard Book Number | 9780323358903 |
| 040 ## - CATALOGING SOURCE | |
| Original cataloging agency | DNLM/DLC |
| Language of cataloging | eng |
| Transcribing agency | DLC |
| Modifying agency | DLC |
| -- | EG-ScBUE |
| -- | EG-ScBUE |
| 082 04 - DEWEY DECIMAL CLASSIFICATION NUMBER | |
| Classification number | 610.73 |
| Item number | ALF |
| Edition number | 22 |
| 100 1# - MAIN ENTRY--PERSONAL NAME | |
| Personal name | Alfaro-LeFevre, Rosalinda. |
| 9 (RLIN) | 12241 |
| 245 10 - TITLE STATEMENT | |
| Title | Critical thinking, clinical reasoning, and clinical judgment : |
| Remainder of title | a practical approach / |
| Statement of responsibility, etc | Rosalinda Alfaro-Lefevre. |
| 250 ## - EDITION STATEMENT | |
| Edition statement | 6th ed. |
| 260 ## - PUBLICATION, DISTRIBUTION, ETC. (IMPRINT) | |
| Place of publication, distribution, etc | Philadelphia : |
| Name of publisher, distributor, etc | Elsevier, |
| Date of publication, distribution, etc | c.2017. |
| 300 ## - PHYSICAL DESCRIPTION | |
| Extent | xxi, 264 p. : |
| Other physical details | ill. ; |
| Dimensions | 24 cm. |
| 500 ## - GENERAL NOTE | |
| General note | Evolve study resources free with textbook purchase "EVOLVE.ELSEVIER.COM" |
| 504 ## - BIBLIOGRAPHY, ETC. NOTE | |
| Bibliography, etc | Includes bibliographical references and index. |
| 505 0# - FORMATTED CONTENTS NOTE | |
| Formatted contents note | What are critical thinking, clinical reasoning, and clinical judgment? -- Developing critical thinking -- Critical thinking and learning cultures : teaching, learning, and taking tests -- Clinical reasoning and clinical judgment -- Ethical reasoning, evidence-based practice, and quality improvement-- Practicing clinical reasoning skills : applying the nursing process -- Interpersonal, teamwork, and self-management skills. |
| 650 #7 - SUBJECT ADDED ENTRY--TOPICAL TERM | |
| Topical term or geographic name as entry element | Nursing Process. |
| Source of heading or term | BUEsh |
| 9 (RLIN) | 4471 |
| 650 #7 - SUBJECT ADDED ENTRY--TOPICAL TERM | |
| Topical term or geographic name as entry element | Clinical competence. |
| Source of heading or term | BUEsh |
| 9 (RLIN) | 37655 |
| 650 #7 - SUBJECT ADDED ENTRY--TOPICAL TERM | |
| Topical term or geographic name as entry element | Decision making. |
| Source of heading or term | BUEsh |
| 9 (RLIN) | 12112 |
| 651 ## - SUBJECT ADDED ENTRY--GEOGRAPHIC NAME | |
| Source of heading or term | BUEsh |
| 653 ## - INDEX TERM--UNCONTROLLED | |
| Resource For college | Nursing |
| Arrived date list | April2017 |
| -- | October2017 |
| 655 ## - INDEX TERM--GENRE/FORM | |
| Form subdivision | Text book |
| -- | 33728 |
| 856 ## - ELECTRONIC LOCATION AND ACCESS | |
| Logon | Evolve study resources free with textbook purchase |
| Uniform Resource Identifier | <a href="http://evolve.elsevier.com/Alfaro-LeFevre/ct">http://evolve.elsevier.com/Alfaro-LeFevre/ct</a> |
| 942 ## - ADDED ENTRY ELEMENTS (KOHA) | |
| Source of classification or shelving scheme | Dewey Decimal Classification |
| Withdrawn status | Item status | Source of classification or shelving scheme | Damaged status | Not for loan | Vendor | Home library | Current library | Shelving location | Date acquired | Source of acquisition | Cost, normal purchase price | Serial Enumeration / chronology | Total Checkouts | Full call number | Barcode | Date last seen | Date last borrowed | Cost, replacement price | Koha item type | Total Renewals | Checked out |
|---|---|---|---|---|---|---|---|---|---|---|---|---|---|---|---|---|---|---|---|---|---|
| Dewey Decimal Classification | ايمك | Central Library | Central Library | First floor | 20/04/2017 | Purchase | 100.00 | 3673 | 1 | 610.73 ALF | 000041676 | 15/07/2025 | 20/09/2017 | 125.00 | NB - Book (Non borrowing) | ||||||
| Dewey Decimal Classification | Baccah | Central Library | Central Library | First floor | 26/10/2017 | Purchase | 610.73 ALF | 000042254 | 15/07/2025 | NB - Book (Non borrowing) | |||||||||||
| Dewey Decimal Classification | Baccah | Central Library | Central Library | First floor | 26/10/2017 | Purchase | 2 | 610.73 ALF | 000042255 | 15/07/2025 | 02/07/2019 | Book - Borrowing | 5 | ||||||||
| Dewey Decimal Classification | Baccah | Central Library | Central Library | First floor | 26/10/2017 | Purchase | 1 | 610.73 ALF | 000042256 | 15/07/2025 | 27/09/2018 | Book - Borrowing | 21 | ||||||||
| Dewey Decimal Classification | Baccah | Central Library | Central Library | First floor | 26/10/2017 | Purchase | 1 | 610.73 ALF | 000042257 | 13/12/2018 | 13/12/2018 | Book - Borrowing | 3 | 28/03/2020 |